Теория рекурсии для программистов

Detalhes bibliográficos
Autor principal: Головешкин В. А. Василий Адамович
Outros Autores: Ульянов М. В. Михаил Васильевич
Resumo:Книга является учебным пособием по теории рекурсии в аспекте ее применения в области программирования. В ней рассматриваются основы теории рекурсии и ее использование в области разработки и анализа рекурсивных алгоритмов. Приводятся основные сведения о рекурсивных последовательностях и функциях, даны примеры рекурсивных алгоритмов, разработанных на основе рекуррентных соотношений, метода декомпозиции и метода динамического программирования, излагаются методы разработки рекурсивных алгоритмов и их теоретического анализа, в том числе элементы теории ресурсной эффективности вычислительных алгоритмов. Детально изложены методы анализа рекурсивных алгоритмов, проиллюстрированные целым рядом примеров. Приложение содержит тексты программ, реализующих рекурсивные алгоритмы, рассмотренные в основном тексте книги, и результаты экспериментальных исследований. Учебное пособие ориентировано на специалистов в области информатики и анализа алгоритмов, разработчиков алгоритмического обеспечения и предназначено для студентов, аспирантов и преподавателей вузов, специализирующихся в области математической информатики, теории рекурсии, разработки, анализа и исследования рекурсивных алгоритмов.
Idioma:russo
Publicado em: Москва, Физматлит, 2006
Colecção:Математика. Прикладная математика
Assuntos:
Formato: Livro
KOHA link:https://koha.lib.tpu.ru/cgi-bin/koha/opac-detail.pl?biblionumber=106342

MARC

LEADER 00000nam0a2200000 4500
001 106342
005 20231031114850.0
010 |a 5922107216 
035 |a (RuTPU)RU\TPU\book\114755 
090 |a 106342 
100 |a 20061204d2006 m y0rusy50 ca 
101 0 |a rus 
102 |a RU 
105 |a y j 001zy 
200 1 |a Теория рекурсии для программистов  |f В. А. Головешкин, М. В. Ульянов 
210 |a Москва  |c Физматлит  |d 2006 
215 |a 293 с.  |c ил. 
225 1 |a Математика. Прикладная математика 
320 |a Библиография в конце глав. 
330 |a Книга является учебным пособием по теории рекурсии в аспекте ее применения в области программирования. В ней рассматриваются основы теории рекурсии и ее использование в области разработки и анализа рекурсивных алгоритмов. Приводятся основные сведения о рекурсивных последовательностях и функциях, даны примеры рекурсивных алгоритмов, разработанных на основе рекуррентных соотношений, метода декомпозиции и метода динамического программирования, излагаются методы разработки рекурсивных алгоритмов и их теоретического анализа, в том числе элементы теории ресурсной эффективности вычислительных алгоритмов. Детально изложены методы анализа рекурсивных алгоритмов, проиллюстрированные целым рядом примеров. Приложение содержит тексты программ, реализующих рекурсивные алгоритмы, рассмотренные в основном тексте книги, и результаты экспериментальных исследований. Учебное пособие ориентировано на специалистов в области информатики и анализа алгоритмов, разработчиков алгоритмического обеспечения и предназначено для студентов, аспирантов и преподавателей вузов, специализирующихся в области математической информатики, теории рекурсии, разработки, анализа и исследования рекурсивных алгоритмов. 
610 1 |a рекурсия 
610 1 |a рекурсивные алгоритмы 
610 1 |a вычислительные алгоритмы 
610 1 |a ресурсная эффективность 
610 1 |a программирование 
610 1 |a рекуррентные соотношения 
610 1 |a рекурсивные вызовы 
610 1 |a производящие функции 
610 1 |a комбинаторные соотношения 
610 1 |a задачи 
610 1 |a упражнения 
610 1 |a учебные пособия 
675 |a 519.7(075.8)  |v 3 
700 1 |a Головешкин  |b В. А.  |g Василий Адамович 
701 1 |a Ульянов  |b М. В.  |g Михаил Васильевич 
801 1 |a RU  |b 63413507  |c 20061204  |g PSBO 
801 2 |a RU  |b 63413507  |c 20120601  |g PSBO 
942 |c BK 
959 |a 104/20061204  |d 1  |e 160,00  |f ЧЗТЛ:1